Central Library OPAC University of Rajshahi

Introducing Pakistan / (Record no. 27184)

MARC details
000 -LEADER
fixed length control field 00732cas a2200229 a 4500
001 - CONTROL NUMBER
control field 27184
003 - CONTROL NUMBER IDENTIFIER
rucl marc code BD-RjUL
005 - DATE AND TIME OF LATEST TRANSACTION
control field 20211209051125.0
008 - FIXED-LENGTH DATA ELEMENTS--GENERAL INFORMATION
fixed length control field 821223s1966 pk uu f0 a0eng
035 ## - SYSTEM CONTROL NUMBER
System control number (OCoLC)ocm09078358
-- (BD-RjUL)27256
040 ## - CATALOGING SOURCE
Original cataloging agency DLC
Language of cataloging eng
Transcribing agency DLC
Modifying agency OCoLC
-- BD-RjUL
041 ## - LANGUAGE CODE
Language code of text/sound track or separate title eng
082 0# - DEWEY DECIMAL CLASSIFICATION NUMBER
Classification number 954.91005
Edition number 19
Author mark and year INT 1966
245 00 - TITLE STATEMENT
Title Introducing Pakistan /
Statement of responsibility, etc. edited by Muzaffar qqdir and Iftikhar Ahmad.
260 ## - PUBLICATION, DISTRIBUTION, ETC. (IMPRINT)
Place of publication, distribution, etc. Karachi :
Name of publisher, distributor, etc. National Institute of Public Administration,
Date of publication, distribution, etc. 1966.
300 ## - PHYSICAL DESCRIPTION
Pagination xi, 283 p. :
Illustrations maps ;
Size 26 cm.
651 #0 - SUBJECT ADDED ENTRY--GEOGRAPHIC NAME
Geographic name Pakistan.
9 (RLIN) 83446
710 2# - ADDED ENTRY--CORPORATE NAME
Corporate name or jurisdiction name as entry element National Institute of Public Administration (Karachi, Pakistan)
9 (RLIN) 83447
942 ## - ADDED ENTRY ELEMENTS (KOHA)
Source of classification or shelving scheme Dewey Decimal Classification
Koha item type Books
Holdings
Lost status Source of classification or shelving scheme Damaged status Not for loan Collection code Permanent Location Current Location Shelving location Date acquired Source of acquisition Cost, normal purchase price Total Checkouts Full call number Date last seen Copy number Koha item type
  Dewey Decimal Classification     Non-fiction Central Library, University of Rajshahi Central Library, University of Rajshahi   18/04/1968 mirza book ajency 12.25   954.91005 INT 1966 24/03/2014 C-2 Books
  Dewey Decimal Classification   Added to bundle Non-fiction Central Library, University of Rajshahi Central Library, University of Rajshahi Reading Room 18/04/1968 mirza book ajency 12.25   954.91005 INT 1966 24/03/2014 C-1 Books